[Event "Milan SSM op"]
[Site "Milan"]
[Date "2013.07.06"]
[Round "3"]
[White "Pelizzola, Danilo"]
[Black "Margstahler, Francesco"]
[Result "1-0"]
[WhiteElo "2082"]
[BlackElo "1770"]
[PlyCount "77"]
[EventDate "2013.07.04"]
[EventType "swiss"]
[EventRounds "5"]
[EventCountry "ITA"]
[SourceTitle "EXT 2015"]
[Source "ChessBase"]
[SourceDate "2014.11.20"]
[SourceVersion "1"]
[SourceVersionDate "2014.11.20"]
[SourceQuality "1"]

1. e4 c6 2. d4 d5 3. Nd2 dxe4 4. Nxe4 Bf5 5. Ng3 Bg6 6. Bc4 e6 7. N1e2 Nf6 8. 0-0 Bd6 9. Bf4 0-0 10. Qd2 Qc7 11. Rad1 Nbd7 12. Bxd6 Qxd6 13. c3 Rfe8 14. Nf4 Rad8 15. Bb3 c5 16. Nxg6 hxg6 17. dxc5 Qxd2 18. Rxd2 Nxc5 19. Rfd1 Rxd2 20. Rxd2 Nxb3 21. axb3 Re7 22. Rd8+ Kh7 23. Kf1 g5 24. Ke2 Kg6 25. c4 Rc7 26. Kd3 a5 27. f3 Nd7 28. Ne4 Nc5+ 29. Nxc5 Rxc5 30. Rd7 b5 31. Kd4 Rf5 32. c5 Rf4+ 33. Kc3 a4 34. Rd4 Rf5 35. Kb4 axb3 36. c6 e5 37. Rd6+ f6 38. c7 Rf4+ 39. Kxb5 1-0

[Event "Milan SSM op 06"]
[Site "Milan"]
[Date "2013.06.09"]
[Round "5"]
[White "Margstahler, Francesco"]
[Black "Marchini, Daniele"]
[Result "0-1"]
[WhiteElo "1791"]
[BlackElo "1898"]
[PlyCount "70"]
[EventDate "2013.06.06"]
[EventType "swiss"]
[EventRounds "6"]
[EventCountry "ITA"]
[SourceTitle "EXT 2015"]
[Source "ChessBase"]
[SourceDate "2014.11.20"]
[SourceVersion "1"]
[SourceVersionDate "2014.11.20"]
[SourceQuality "1"]

1. e4 c5 2. c3 Nf6 3. e5 Nd5 4. Nf3 Nc6 5. d4 cxd4 6. cxd4 d6 7. Bc4 Nb6 8. Bb5 dxe5 9. Nxe5 Bd7 10. Nxd7 Qxd7 11. Nc3 e6 12. 0-0 Rc8 13. Re1 Bb4 14. Qg4 0-0 15. Bh6 f5 16. Bxc6 Rxc6 17. Qg3 e5 18. Bg5 exd4 19. Rad1 Re6 20. Rxe6 Qxe6 21. Nb5 Qe2 22. Qd3 Qxd3 23. Rxd3 Re8 24. h4 Re1+ 25. Kh2 Re2 26. a3 Bf8 27. Rxd4 Rxb2 28. Nxa7 Bc5 29. Rd8+ Kf7 30. Nc8 Nxc8 31. Rxc8 Bxa3 32. Bc1 Bd6+ 33. f4 Rb4 34. Kh3 b5 35. Ba3 Rb3+ 0-1

[Event "Milan SSM op 06"]
[Site "Milan"]
[Date "2013.06.08"]
[Round "3"]
[White "Margstahler, Francesco"]
[Black "Di Chiara, Mauro"]
[Result "0-1"]
[WhiteElo "1791"]
[BlackElo "1975"]
[PlyCount "76"]
[EventDate "2013.06.06"]
[EventType "swiss"]
[EventRounds "6"]
[EventCountry "ITA"]
[SourceTitle "EXT 2015"]
[Source "ChessBase"]
[SourceDate "2014.11.20"]
[SourceVersion "1"]
[SourceVersionDate "2014.11.20"]
[SourceQuality "1"]

1. e4 g6 2. d4 Bg7 3. Nc3 d6 4. Nf3 Nf6 5. Be2 0-0 6. 0-0 c6 7. Re1 b5 8. e5 Ne8 9. exd6 Nxd6 10. Ne5 b4 11. Na4 Qa5 12. b3 Bb7 13. f4 Rd8 14. Nc5 Qb6 15. Be3 Nf5 16. Bf2 Na6 17. Bc4 Bxe5 18. Rxe5 Nxc5 19. Rxc5 Ba6 20. Rxf5 gxf5 21. Bxf7+ Kxf7 22. Qh5+ Kf8 23. Qxf5+ Ke8 24. Qe5 Qb5 25. Qe6 Qd5 26. Qg4 Bc8 27. Qe2 Rd6 28. Re1 Re6 29. Be3 a5 30. Qd3 Rg6 31. g3 Ba6 32. Qd2 Rd8 33. f5 Qxf5 34. Bf4 Qd5 35. Be5 c5 36. c4 bxc3 37. Qxc3 Bb7 38. Qd2 Qh1+ 0-1

[Event "Milan SSM op"]
[Site "Milan"]
[Date "2012.07.28"]
[Round "2"]
[White "Guzzetti, Luigi Enrico"]
[Black "Margstahler, Francesco"]
[Result "1-0"]
[WhiteElo "1908"]
[BlackElo "1787"]
[PlyCount "155"]
[EventDate "2012.07.27"]
[EventType "swiss"]
[EventRounds "7"]
[EventCountry "ITA"]
[SourceTitle "EXT 2014"]
[Source "ChessBase"]
[SourceDate "2013.11.20"]
[SourceVersion "1"]
[SourceVersionDate "2013.11.20"]
[SourceQuality "1"]

1. e4 c6 2. d4 d5 3. Nc3 dxe4 4. Nxe4 Bf5 5. Ng3 Bg6 6. Nf3 Nd7 7. Bd3 e6 8. 0-0 Ngf6 9. Re1 Be7 10. c4 Bxd3 11. Qxd3 0-0 12. Bf4 Re8 13. Rad1 Qa5 14. a3 Rad8 15. Qc2 Nf8 16. Ne5 c5 17. dxc5 Rxd1 18. Rxd1 Qxc5 19. b4 Qc8 20. Ne4 Nxe4 21. Qxe4 Rd8 22. Rxd8 Qxd8 23. h3 Qc8 24. Be3 a6 25. c5 Nd7 26. Nc4 Nf6 27. Qf3 Nd5 28. g3 h6 29. Kg2 Qc7 30. Bd4 Bf6 31. Bxf6 Nxf6 32. Qf4 Qxf4 33. gxf4 Nd5 34. Kf3 Kf8 35. Nd6 b6 36. cxb6 Nxb6 37. Ke4 Ke7 38. Nb7 Nd7 39. Kd4 f6 40. Nc5 Nb8 41. Kc4 g5 42. fxg5 fxg5 43. Kd4 h5 44. f3 Nc6+ 45. Ke4 Nb8 46. a4 Kf6 47. b5 axb5 48. axb5 h4 49. b6 Nc6 50. Nd7+ Ke7 51. Ne5 Nd8 52. Nc4 Nb7 53. Ke5 Nc5 54. Kd4 Nb7 55. Ne5 Kf6 56. Nd3 Kf5 57. Ke3 Nd6 58. Kd4 Nb7 59. Kc4 Nd8 60. Kc5 Nb7+ 61. Kc6 Na5+ 62. Kc7 e5 63. Nb4 e4 64. fxe4+ Kxe4 65. Nc6 Nb3 66. Kd6 g4 67. b7 gxh3 68. b8Q h2 69. Qb4+ Kf3 70. Qxb3+ Kf2 71. Qc2+ Kg1 72. Qd1+ Kg2 73. Qe2+ Kg1 74. Ne5 h1Q 75. Nf3+ Qxf3 76. Qxf3 Kh2 77. Ke5 h3 78. Kf4 1-0

[Event "Bratto op-B 27th"]
[Site "Bratto"]
[Date "2007.08.24"]
[Round "1"]
[White "Pedemonte, Claudio"]
[Black "Margstahler, Francesco"]
[Result "1/2-1/2"]
[WhiteElo "1915"]
[BlackElo "1752"]
[PlyCount "106"]
[EventDate "2007.08.24"]
[EventType "swiss"]
[EventRounds "8"]
[EventCountry "ITA"]
[SourceTitle "CBM 120 Extra"]
[Source "ChessBase"]
[SourceDate "2007.11.01"]
[SourceVersion "1"]
[SourceVersionDate "2007.11.01"]
[SourceQuality "1"]

1. c4 e6 2. d4 d5 3. Nf3 Nf6 4. g3 Be7 5. Bg2 dxc4 6. Qa4+ Bd7 7. Qxc4 Bc6 8. 0-0 0-0 9. Nc3 Nbd7 10. b3 Nb6 11. Qd3 Nbd5 12. Bb2 Nxc3 13. Qxc3 Bd5 14. Nd2 Bxg2 15. Kxg2 Qd5+ 16. f3 c5 17. dxc5 Bxc5 18. e4 Qc6 19. Rac1 Rac8 20. Nc4 Be7 21. Qe3 Qa6 22. a4 Rfd8 23. Rfd1 b5 24. axb5 Qxb5 25. Qxa7 Bc5 26. Qa4 Qxa4 27. bxa4 Rxd1 28. Rxd1 Ba7 29. a5 h5 30. Rc1 Rb8 31. Kf1 Nd7 32. Rd1 Nc5 33. Bd4 Rb4 34. Nb6 Bxb6 35. axb6 Na4 36. Ke2 Nxb6 37. Bc3 Ra4 38. Rb1 Ra2+ 39. Rb2 Rxb2+ 40. Bxb2 g6 41. Kd3 Kf8 42. Kd4 Nd7 43. f4 f6 44. h3 Kf7 45. g4 hxg4 46. hxg4 e5+ 47. Ke3 exf4+ 48. Kxf4 Nc5 49. Bd4 Ne6+ 50. Ke3 Nxd4 51. Kxd4 Ke6 52. Ke3 Ke5 53. Kf3 f5 1/2-1/2

[Event "Milan Citta op-A"]
[Site "Milan"]
[Date "2007.05.19"]
[Round "3"]
[White "Margstahler, Francesco"]
[Black "Giannini, Mario"]
[Result "1/2-1/2"]
[WhiteElo "1684"]
[BlackElo "1780"]
[PlyCount "40"]
[EventDate "2007.05.18"]
[EventType "swiss"]
[EventRounds "5"]
[EventCountry "ITA"]
[SourceTitle "EXT 2010"]
[Source "ChessBase"]
[SourceDate "2010.11.25"]
[SourceVersion "1"]
[SourceVersionDate "2010.11.25"]
[SourceQuality "1"]

1. e4 c5 2. c3 d5 3. exd5 Qxd5 4. d4 Nf6 5. Nf3 e6 6. Na3 a6 7. Nc2 Nc6 8. Be3 cxd4 9. Ncxd4 Be7 10. Be2 0-0 11. 0-0 Ng4 12. Nxc6 bxc6 13. Bf4 Bb7 14. h3 Nf6 15. Re1 Qf5 16. Qb3 Qxf4 17. Qxb7 Bd6 18. Qxc6 Rfc8 19. Qb7 Rcb8 20. Qc6 Rc8 1/2-1/2

[Event "IECG CP.2002.P.00036 email"]
[Site "IECG email"]
[Date "2002.10.01"]
[Round "1"]
[White "Margstahler, Francesco"]
[Black "Van Dijk, Jerry"]
[Result "1/2-1/2"]
[WhiteElo "1516"]
[BlackElo "1948"]
[PlyCount "38"]
[EventDate "2002.10.01"]
[EventType "tourn (corr)"]
[EventRounds "6"]
[EventCountry "CRO"]
[SourceTitle "Corr 2011"]
[Source "ChessBase"]
[SourceDate "2010.08.31"]
[SourceVersion "1"]
[SourceVersionDate "2010.08.31"]
[SourceQuality "1"]

1. e4 c5 2. c3 d5 3. exd5 Qxd5 4. d4 Nf6 5. Nf3 Nc6 6. Be2 cxd4 7. cxd4 e6 8. 0-0 Be7 9. Nc3 Qd6 10. Nb5 Qd8 11. Bf4 Nd5 12. Bg3 a6 13. Nc3 0-0 14. Rc1 Nf6 15. a3 b6 16. d5 exd5 17. Nxd5 Qxd5 18. Qxd5 Nxd5 19. Rxc6 Bd7 1/2-1/2

[Event "IECG CP.2002.P.00036 email"]
[Site "IECG email"]
[Date "2002.10.01"]
[Round "?"]
[White "Rusak, Alexandr Victorovic"]
[Black "Margstahler, Francesco"]
[Result "1/2-1/2"]
[WhiteElo "2030"]
[BlackElo "1516"]
[PlyCount "84"]
[EventDate "2002.10.01"]
[EventType "tourn (corr)"]
[EventRounds "6"]
[EventCountry "CRO"]
[SourceTitle "Corr 2011"]
[Source "ChessBase"]
[SourceDate "2010.08.31"]
[SourceVersion "1"]
[SourceVersionDate "2010.08.31"]
[SourceQuality "1"]

1. e4 e5 2. Nf3 Nc6 3. d4 exd4 4. Nxd4 Nf6 5. Nxc6 bxc6 6. e5 Qe7 7. Qe2 Nd5 8. c4 Ba6 9. b3 0-0-0 10. g3 f6 11. Bb2 fxe5 12. Bg2 e4 13. 0-0 e3 14. Nc3 exf2+ 15. Qxf2 Ne3 16. Rae1 Ng4 17. Qd4 Qc5 18. Na4 Qxd4+ 19. Bxd4 Bb4 20. Re4 Nf6 21. Bxf6 gxf6 22. Rxf6 Rhe8 23. Rh6 Rxe4 24. Bxe4 d5 25. cxd5 cxd5 26. Bf5+ Kb7 27. h4 Bb5 28. Kg2 Bxa4 29. bxa4 Rh8 30. g4 Bf8 31. Rxh7 Rxh7 32. Bxh7 Kc6 33. Kf3 Kd6 34. Kf4 c5 35. g5 c4 36. h5 d4 37. Bg8 Kc5 38. Ke4 d3 39. Be6 Be7 40. g6 Bf8 41. a3 a5 42. Bg4 Bg7 1/2-1/2